Southville International School and Colleges
Your cart is empty.
  • Cart
  • Lists
    Public lists Eva Luna New books Lux_list list_1
    Your lists Log in to create your own lists
  • Log in to your account
  • Your cookies
  • Search history
Southville International School and Colleges
  • Advanced search
  • Recent comments
  • Most popular
  • Libraries

Log in to your account

Log in with GOOGLE


If you do not have an external account, but do have a local account, you can still log in:

  1. Home
  2. MARC view: Millennium science quiz book /
Normal view MARC view ISBD view

Millennium science quiz book / (Record no. 10551)

[ view plain ]
MARC details
000 -LEADER
fixed length control field 00452nam a22001697a 4500
003 - CONTROL NUMBER IDENTIFIER
control field SISC
005 - DATE AND TIME OF LATEST TRANSACTION
control field 20160224134426.0
008 - FIXED-LENGTH DATA ELEMENTS--GENERAL INFORMATION
fixed length control field 130906t xxu||||| |||| 00| 0 eng d
020 ## - INTERNATIONAL STANDARD BOOK NUMBER
International Standard Book Number 8171826377
050 ## - LIBRARY OF CONGRESS CALL NUMBER
Classification number QH 302.5
Item number .G682 [ca.1990]
082 ## - DEWEY DECIMAL CLASSIFICATION NUMBER
Classification number HS 507
Item number G69 [ca.1990]
245 ## - TITLE STATEMENT
Title Millennium science quiz book /
260 ## - PUBLICATION, DISTRIBUTION, ETC. (IMPRINT)
Place of publication, distribution, etc Oklahoma :
Name of publisher, distributor, etc Diamond pockects,
Date of publication, distribution, etc [ca. 1990]
300 1# - PHYSICAL DESCRIPTION
Extent 164 p. :
Other physical details ill. ;
Dimensions 20 cm
942 ## - ADDED ENTRY ELEMENTS (KOHA)
Source of classification or shelving scheme Library of Congress Classification
Koha item type Books
Holdings
Withdrawn status Lost status Source of classification or shelving scheme Damaged status Home library Current library Shelving location Date acquired Total Checkouts Full call number Barcode Date last seen Date checked out Copy number Price effective from Koha item type
    Library of Congress Classification   Luxembourg Library Luxembourg Library High School Section 09/06/2013 2 QH 302.5 .G682 [ca.1990] 10405 12/09/2024 11/21/2024 1 09/06/2013 Books

Millennium science quiz book /

APA

(1990). Millennium science quiz book. Oklahoma: Diamond pockects.

Chicago

1990. Millennium science quiz book. Oklahoma: Diamond pockects.

Harvard

(1990). Millennium science quiz book. Oklahoma: Diamond pockects.

MLA

Millennium science quiz book. Oklahoma: Diamond pockects. 1990.

  • Place hold
  • Print
  • Cite
  • Add to your cart (remove)
  • Save record
    BIBTEX Dublin Core MARCXML MARC (non-Unicode/MARC-8) MARC (Unicode/UTF-8) MARC (Unicode/UTF-8, Standard) MODS (XML) RIS
  • More searches
    Search for this title in:
    Other Libraries (WorldCat) Other Databases (Google Scholar) Online Stores (Bookfinder.com) Open Library (openlibrary.org)

Exporting to Dublin Core...

SOUTHVILLE LIBRARY

Southville International School and Colleges Library

1281 Tropical Ave. Cor. Luxembourg St., BF Homes International, Las Pinas City

Tel. No. 8256374 / 252358 Loc. 117/146

Powered by Koha